000 00828nam a2200241Ia 4500
003 OSt
005 20220923221952.0
006 a|||||r|||| 00| 0
007 ta
008 220922b |||||||| |||| 00| 0 hin d
024 _a201,367
037 _cTextual
040 _aARTS
_cARTS
_bhin
041 _2hin
_ahin
082 _aV2:51y7M891, 152M7
100 _aमुकुट, बिहारी लाल
245 0 _aआचार्य नरेन्द्र देव युग आर नेतृत्व
246 _aĀchārya narendra dev yug ār netṛutva
260 _aवाराणसी
_b विश्वविधालय
_c1987
300 _a563पृ.
_ccm.
942 _hV2:51y7M891, 152M7
_cTEXL
_2CC
999 _c353020
_d353020